Úradné noviny

Saved in:
Bibliographic Details
Format: Serial
Language:Slovak
Published: Bratislava Prezídium ministerskej rady
Tags: Add Tag
No Tags, Be the first to tag this record!

MARC

LEADER 00000nas1a2200000$$$4500
001 0010790
005 20250730114819.9
041 0 |a slo 
044 |a SK 
245 1 0 |a Úradné noviny 
264 1 |a Bratislava  |b Prezídium ministerskej rady